[Event "22nd ECCC Women 2017"]
[Site "Antalya"]
[Date "2017.10.09"]
[Round "1"]
[White "Sade, Defne"]
[Black "Stetsko, Lanita"]
[Result "0-1"]
[WhiteElo "1951"]
[BlackElo "2254"]
[Annotator "ChessBase"]
[PlyCount "118"]
[EventType "team-tourn"]
[EventCountry "TUR"]
[WhiteTeam "Aegean"]
[BlackTeam "Bossa Nova"]
[TimeControl "40/5400+30:1800+30"]

1. e4 {[%emt 0:00:30]} e5 {[%emt 0:01:00]} 2. Nf3 {[%emt 0:00:30]} Nc6 {[%emt 0:00:30]} 3. Bb5 {[%emt 0:00:30]} a6 {[%emt 0:00:00]} 4. Ba4 {[%emt 0:00:00]} Nf6 {[%emt 0:00:00]} 5. O-O {[%emt 0:00:00]} Be7 {[%emt 0:00:00]} 6. Re1 {[%emt 0:00:00]} b5 {[%emt 0:00:00]} 7. Bb3 {[%emt 0:00:00]} d6 {[%emt 0:00:30]} 8. a3 {[%emt 0:01:30]} Bg4 {[%emt 0:07:30]} 9. c3 {[%emt 0:01:30]} Na5 {[%emt 0:12:30]} 10. Ba2 {[%emt 0:02:30]} c5 {[%emt 0:00:30]} 11. b4 {[%emt 0:04:30]} Nc6 {[%emt 0:03:30]} 12. d3 {[%emt 0:02:30]} O-O {[%emt 0:02:30]} 13. Nbd2 {[%emt 0:00:00]} Qc8 {[%emt 0:16:30]} 14. Nf1 {[%emt 0:07:00]} Be6 {[%emt 0:05:30]} 15. Ne3 {[%emt 0:06:30]} Bxa2 {[%emt 0:04:30]} 16. Rxa2 {[%emt 0:00:30]} Qe6 {[%emt 0:00:00]} 17. Ra1 {[%emt 0:01:30]} g6 {[%emt 0:14:00]} 18. Ng5 {[%emt 0:08:30]} Qd7 {[%emt 0:05:30]} 19. Nd5 {[%emt 0:19:30]} Nxd5 {[%emt 0:03:30]} 20. exd5 {[%emt 0:00:00]} Nd8 {[%emt 0:00:00]} 21. bxc5 {[%emt 0:09:00]} dxc5 {[%emt 0:01:00]} 22. Qf3 {[%emt 0:01:30]} Rb8 {[%emt 0:07:49]} 23. Qg3 {[%emt 0:11:30]} f6 {[%emt 0:02:00]} 24. Qh3 {[%emt 0:08:12]} Qxh3 {[%emt 0:00:37]} 25. Nxh3 {[%emt 0:00:04]} Nb7 {[%emt 0:04:21]} 26. c4 {[%emt 0:02:48]} bxc4 {[%emt 0:00:47]} 27. dxc4 {[%emt 0:00:07]} Nd6 {[%emt 0:01:02]} 28. Bh6 {[%emt 0:01:02]} Rfe8 {[%emt 0:00:12]} 29. Be3 {[%emt 0:10:53]} Nxc4 {[%emt 0:00:28]} 30. Rac1 {[%emt 0:01:31]} Nxe3 {[%emt 0:05:29]} 31. fxe3 {[%emt 0:00:07]} Rb3 {[%emt 0:00:20]} 32. Nf2 {[%emt 0:00:16]} Rd8 {[%emt 0:01:23]} 33. d6 {[%emt 0:01:03]} Bxd6 {[%emt 0:02:33]} 34. Ne4 {[%emt 0:00:05]} Be7 {[%emt 0:00:00]} 35. Nxc5 {[%emt 0:00:28]} Rxa3 {[%emt 0:01:00]} 36. Ne4 {[%emt 0:00:51]} Ra4 {[%emt 0:00:23]} 37. Rc7 {[%emt 0:00:35]} Kf7 {[%emt 0:00:30]} 38. Nc3 {[%emt 0:00:40]} Rb4 {[%emt 0:00:46]} 39. e4 {[%emt 0:00:14]} Rbd4 {[%emt 0:01:09]} 40. Nd5 {[%emt 0:00:00]} R4xd5 {[%emt 0:00:41]} 41. exd5 {[%emt 0:01:04]} Rxd5 {[%emt 0:00:00]} 42. Rb1 {[%emt 0:01:30]} e4 {[%emt 0:06:00]} 43. Rbb7 {[%emt 0:02:30]} Re5 {[%emt 0:00:30]} 44. Kf2 {[%emt 0:00:30]} a5 {[%emt 0:00:30]} 45. Ke3 {[%emt 0:01:30]} f5 {[%emt 0:02:30]} 46. Ra7 {[%emt 0:03:30]} Kf6 {[%emt 0:03:30]} 47. Rc6+ {[%emt 0:00:30]} Kg5 {[%emt 0:06:20]} 48. Kd4 {[%emt 0:02:30]} Bf6 {[%emt 0:00:27]} 49. h4+ {[%emt 0:00:30]} Kf4 {[%emt 0:02:03]} 50. Rxf6 {[%emt 0:00:30]} e3 {[%emt 0:00:12]} 51. g3+ {[%emt 0:10:06]} Kxg3 {[%emt 0:00:50]} 52. Kxe5 {[%emt 0:01:05]} e2 {[%emt 0:00:06]} 53. Rxh7 {[%emt 0:02:07]} e1=Q+ {[%emt 0:00:06]} 54. Kd5 {[%emt 0:00:00]} Qe4+ {[%emt 0:02:37]} 55. Kd6 {[%emt 0:00:12]} Qd4+ {[%emt 0:01:16]} 56. Ke6 {[%emt 0:00:20]} Qc4+ {[%emt 0:00:06]} 57. Kd6 {[%emt 0:00:48]} Kf4 {[%emt 0:02:04]} 58. Rc7 {[%emt 0:01:36]} Qd4+ {[%emt 0:00:28]} 59. Ke7 {[%emt 0:01:45]} Qe5+ {[%emt 0:00:05]} 0-1

[Event "22nd ECCC Women 2017"]
[Site "Antalya"]
[Date "2017.10.09"]
[Round "1"]
[White "Ayan, Bengu Sena"]
[Black "Badelka, Olga"]
[Result "0-1"]
[WhiteElo "1888"]
[BlackElo "2353"]
[Annotator "ChessBase"]
[PlyCount "64"]
[EventType "team-tourn"]
[EventCountry "TUR"]
[WhiteTeam "Aegean"]
[BlackTeam "Bossa Nova"]
[TimeControl "40/5400+30:1800+30"]

1. d4 {[%emt 0:00:30]} d5 {[%emt 0:01:00]} 2. Nf3 {[%emt 0:00:30]} Nf6 {[%emt 0:00:30]} 3. c4 {[%emt 0:00:30]} dxc4 {[%emt 0:00:30]} 4. e3 {[%emt 0:00:00]} b5 {[%emt 0:00:00]} 5. a4 {[%emt 0:00:00]} b4 {[%emt 0:00:00]} 6. Bxc4 {[%emt 0:00:00]} e6 {[%emt 0:00:00]} 7. O-O {[%emt 0:00:00]} Bb7 {[%emt 0:00:00]} 8. a5 {[%emt 0:01:30]} Be7 {[%emt 0:05:30]} 9. Nbd2 {[%emt 0:07:30]} O-O {[%emt 0:01:30]} 10. a6 {[%emt 0:04:30]} Bd5 {[%emt 0:00:30]} 11. Qc2 {[%emt 0:05:30]} Nbd7 {[%emt 0:06:30]} 12. Bd3 {[%emt 0:11:30]} Bxf3 {[%emt 0:00:30]} 13. Nxf3 {[%emt 0:00:30]} c5 {[%emt 0:00:30]} 14. b3 {[%emt 0:05:30]} Rc8 {[%emt 0:01:30]} 15. Qe2 {[%emt 0:01:30]} cxd4 {[%emt 0:05:30]} 16. Nxd4 {[%emt 0:03:30]} Nc5 {[%emt 0:02:30]} 17. Bc4 {[%emt 0:02:30]} Nfe4 {[%emt 0:01:30]} 18. Bb2 {[%emt 0:02:30]} Bf6 {[%emt 0:00:30]} 19. Rfd1 {[%emt 0:09:30]} Qb6 {[%emt 0:00:30]} 20. Rac1 {[%emt 0:04:30]} Rfd8 {[%emt 0:05:30]} 21. Qg4 {[%emt 0:06:30]} g6 {[%emt 0:14:30]} 22. Ba1 {[%emt 0:11:30]} Bg7 {[%emt 0:01:30]} 23. Qe2 {[%emt 0:05:17]} Nd6 {[%emt 0:03:30]} 24. Nf3 {[%emt 0:07:59]} Bxa1 {[%emt 0:06:30]} 25. Rxa1 {[%emt 0:00:11]} Nce4 {[%emt 0:05:30]} 26. Rd4 {[%emt 0:02:22]} Nc3 {[%emt 0:00:00]} 27. Qd3 {[%emt 0:02:09]} Nxc4 {[%emt 0:02:00]} 28. bxc4 {[%emt 0:00:57]} Qc7 {[%emt 0:01:30]} 29. c5 {[%emt 0:02:54]} Rd5 {[%emt 0:00:30]} 30. Qc4 {[%emt 0:01:12]} Rxc5 {[%emt 0:00:30]} 31. Qf1 {[%emt 0:01:26]} b3 {[%emt 0:02:30]} 32. Rb4 {[%emt 0:00:40]} Rb8 {[%emt 0:00:00]} 0-1

[Event "22nd ECCC Women 2017"]
[Site "Antalya"]
[Date "2017.10.09"]
[Round "1"]
[White "Brusilovski, Lena"]
[Black "Mammadova, Gulnar"]
[Result "0-1"]
[WhiteElo "1881"]
[BlackElo "2385"]
[Annotator "ChessBase"]
[PlyCount "66"]
[EventType "team-tourn"]
[EventCountry "TUR"]
[WhiteTeam "Beer Sheva"]
[BlackTeam "Odlar Yurdu"]
[TimeControl "40/5400+30:1800+30"]

1. e4 {[%emt 0:00:30]} e6 {[%emt 0:01:00]} 2. d4 {[%emt 0:01:30]} d5 {[%emt 0:00:00]} 3. Nc3 {[%emt 0:01:30]} Nf6 {[%emt 0:00:00]} 4. Bg5 {[%emt 0:00:30]} dxe4 {[%emt 0:00:30]} 5. Nxe4 {[%emt 0:00:30]} Be7 {[%emt 0:00:30]} 6. Bxf6 {[%emt 0:02:30]} gxf6 {[%emt 0:00:30]} 7. Nf3 {[%emt 0:02:30]} f5 {[%emt 0:00:30]} 8. Ng3 {[%emt 0:00:30]} c5 {[%emt 0:08:30]} 9. Bd3 {[%emt 0:04:30]} Nc6 {[%emt 0:02:30]} 10. dxc5 {[%emt 0:04:30]} Qa5+ {[%emt 0:01:30]} 11. c3 {[%emt 0:01:30]} Qxc5 {[%emt 0:01:30]} 12. Qe2 {[%emt 0:03:30]} Bd7 {[%emt 0:02:30]} 13. O-O {[%emt 0:04:30]} O-O-O {[%emt 0:04:30]} 14. Rfe1 {[%emt 0:07:30]} h5 {[%emt 0:03:30]} 15. Ne5 {[%emt 0:05:30]} Nxe5 {[%emt 0:03:30]} 16. Qxe5 {[%emt 0:00:30]} Qxe5 {[%emt 0:00:30]} 17. Rxe5 {[%emt 0:00:00]} Bf6 {[%emt 0:00:30]} 18. Re2 {[%emt 0:03:00]} Bc6 {[%emt 0:01:30]} 19. Bc4 {[%emt 0:01:30]} h4 {[%emt 0:03:30]} 20. Nf1 {[%emt 0:01:30]} f4 {[%emt 0:05:30]} 21. f3 {[%emt 0:02:30]} h3 {[%emt 0:01:30]} 22. Nd2 {[%emt 0:03:30]} Rhg8 {[%emt 0:02:30]} 23. Rf1 {[%emt 0:07:30]} Bh4 {[%emt 0:15:30]} 24. Ne4 {[%emt 0:06:30]} Rg7 {[%emt 0:06:30]} 25. Kh1 {[%emt 0:06:30]} Rdg8 {[%emt 0:01:30]} 26. gxh3 {[%emt 0:03:30]} Bxe4 {[%emt 0:01:30]} 27. fxe4 {[%emt 0:02:30]} f3 {[%emt 0:00:00]} 28. Rd2 {[%emt 0:01:30]} Bd8 {[%emt 0:02:00]} 29. h4 {[%emt 0:14:59]} Bb6 {[%emt 0:00:30]} 30. h3 {[%emt 0:00:10]} Rg1+ {[%emt 0:01:30]} 31. Rxg1 {[%emt 0:03:23]} Rxg1+ {[%emt 0:00:30]} 32. Kh2 {[%emt 0:00:22]} f2 {[%emt 0:00:30]} 33. e5 {[%emt 0:00:27]} Be3 {[%emt 0:00:00]} 0-1

[Event "22nd ECCC Women 2017"]
[Site "Antalya"]
[Date "2017.10.10"]
[Round "1"]
[White "Can, Isil"]
[Black "Cosma, Elena-Luminita"]
[Result "0-1"]
[WhiteElo "1791"]
[BlackElo "2333"]
[Annotator "TA"]
[PlyCount "90"]
[EventType "team-tourn"]
[EventCountry "TUR"]
[WhiteTeam "Mediterranean"]
[BlackTeam "Timisoara"]

{[%evp 12,90,31,22,24,28,22,22,20,22,24,23,12,8,8,5,8,0,0,4,14,0,16,0,0,-37,-37,-39,-38,-28,-7,-41,-34,-53,-58,-230,-73,-65,-75,-119,-131,-127,-123,-112,-25,-25,-25,-23,-28,-61,-77,-138,-113,-154,-154,-152,-152,-153,-148,-177,-175,-177,-180,-193,-189,-533,-527,-507,-524,-496,-413,-395,-402,-363,-366,-322,-250,-703,-668,-29983,-29984]} 1. e4 e6 2. d4 d5 3. exd5 exd5 4. Bd3 Nc6 5. Nf3 Bg4 6. c3 Bd6 7. h3 Bh5 {C01: French: Exchange Variation} 8. O-O Nge7 9. Re1 Qd7 {The position is equal.} 10. Nbd2 f6 11. b4 O-O 12. Qc2 Bg6 13. Nb3 {[#]} b6 $146 ({Predecessor:} 13... a6 14. Nc5 Bxc5 15. bxc5 Bxd3 16. Qxd3 Ng6 {0-1 (49) Aboudi,M (2176)-Ni,H (2655) Ha Long City 2009}) 14. a4 Bxd3 15. Qxd3 Ng6 16. a5 Rae8 17. axb6 axb6 18. Be3 Nce7 19. Nbd2 Nf5 20. Nf1 b5 21. Ra5 c6 22. Rea1 Bb8 23. N3d2 $2 {[#]} ({White should try} 23. Qc2 $15) 23... Nd6 $2 (23... Nfh4 $1 $19 {[%cal Rh4g2] is more deadly.} 24. Ng3 {[#]} Rxe3 $1 {[%mdl 512]} 25. Qxe3 Nf4) 24. Ra6 f5 {Threatens to win with ...f4.} 25. f3 Nc4 26. Nxc4 dxc4 27. Qd2 f4 ({Better is} 27... Ne7 $17) 28. Bf2 $11 Ne7 29. Re1 Nd5 30. Raa1 Qf5 31. Rad1 (31. Rxe8 $142 Rxe8 32. Re1) 31... Bd6 32. Qb2 Rxe1 33. Bxe1 Re8 34. Bf2 h6 35. Re1 Rxe1 36. Bxe1 Qd3 37. Qd2 Be7 38. Kf2 $2 (38. Qxd3 cxd3 39. Bd2) 38... Bh4+ $19 39. g3 fxg3+ 40. Nxg3 Qf5 41. Kg2 Nf4+ 42. Kg1 Nxh3+ 43. Kh2 Bxg3+ ({Weaker is} 43... Qxf3 44. Kxh3 Bxg3 45. Bxg3 $16) 44. Bxg3 $2 (44. Kxg3 Ng5 45. Qf4) 44... Ng5 45. Qg2 Nxf3+ {Precision: White = 27%, Black = 70%.} 0-1

[Event "22nd ECCC Women 2017"]
[Site "Antalya"]
[Date "2017.10.11"]
[Round "2"]
[White "Harika, Dronavalli"]
[Black "Fataliyeva, Ulviyya"]
[Result "1/2-1/2"]
[WhiteElo "2528"]
[BlackElo "2348"]
[Annotator "TA"]
[PlyCount "146"]
[EventType "team-tourn"]
[EventCountry "TUR"]
[WhiteTeam "Batumi"]
[BlackTeam "Odlar Yurdu"]

{[%evp 18,146,16,7,32,36,37,47,29,37,44,27,29,29,29,27,27,25,4,6,13,1,50,17,29,23,36,10,28,31,40,-31,32,29,79,81,74,33,69,65,66,62,69,43,50,30,69,31,30,0,0,0,0,0,0,0,0,0,0,0,0,0,4,6,11,0,0,0,0,0,2,0,16,16,18,17,17,17,17,15,21,21,29,18,18,14,21,14,15,14,26,27,32,27,31,33,37,43,37,30,31,29,29,29,47,30,75,75,75,8,11,11,68,29,232,231,406,406,399,358,270,8,8,8,8,8,8,8,8,8,8]} 1. c4 Nf6 2. Nc3 e6 3. e4 d5 4. e5 d4 5. exf6 dxc3 6. bxc3 Qxf6 7. Nf3 b6 8. d4 Bb7 9. Bd3 h6 {A18: English Opening: Flohr-Mikenas System (1 c4 Nf6 2 Nc3 e6 3 e4)} 10. O-O {LiveBook: 10 Games} Nd7 {[%cal Bb8d7,Bd7f6,Bf6g4][%mdl 32]} 11. Nd2 Bd6 {White is slightly better.} 12. Qg4 Qf4 $146 {[%csl Gd6][%cal Rf4h2]} ({Predecessor:} 12... Qg5 13. Qh3 Bf4 14. Be4 Bxe4 15. Nxe4 Qg6 16. Bxf4 Qxe4 17. Qg3 {1-0 (42) Giri,A (2690)-Grandelius,N (2547) Malmo 2011}) 13. Qh3 {Ne4 is the strong threat.} Nf6 14. a4 Qg4 15. Qxg4 Nxg4 16. h3 Nf6 17. a5 O-O 18. Re1 Rfd8 19. Nb3 c5 20. Be3 (20. a6 $5 {[%cal Ra6b7]} Bc6 21. dxc5 bxc5 22. Na5 $14) 20... Rac8 {[%cal Ba8c8,Bc8c6,Bc6d6,Bd6d7][%mdl 32]} 21. Be2 g5 22. Red1 cxd4 23. cxd4 Be4 24. Ra2 {[#]} (24. Nd2 $14) 24... Bb4 (24... b5 $1 $15 {[%mdl 512]} 25. c5 (25. cxb5 Bc2) 25... Bd5) 25. Rc1 $14 Rc6 26. axb6 axb6 27. Ra4 (27. h4 $5) 27... Be7 28. Ra6 Rdc8 29. Nd2 Bg6 30. Bf3 Rd6 $1 31. Rca1 Bd3 32. Ra7 Bf8 $1 33. Rb7 Rd7 34. Rxb6 {Threatens to win with d5.} Bxc4 35. Nxc4 Rxc4 36. Rc6 (36. h4 {is interesting.} gxh4 37. Ra8 Kg7 38. Rbb8 Be7 39. Kf1) 36... Rxc6 37. Bxc6 Rc7 38. Bf3 Kg7 39. g3 Ne8 40. d5 {next Bd4+ is good for White.} e5 41. Rc1 Rd7 42. Rd1 Nf6 43. Bg2 Kg8 44. Bc1 e4 45. Bb2 Rxd5 46. Rxd5 Nxd5 47. Bxe4 $11 {[%mdl 4096] Endgame KBB-KBN} Nc7 48. Kf1 Bg7 49. Bc1 Nb5 50. Bd3 Nd4 51. Be3 Kf8 52. Kg2 Ke7 53. Bc1 Kd6 54. f4 Bf6 55. Kf2 Ne6 56. Kf3 gxf4 57. gxf4 h5 58. Ba3+ Kd5 59. Bb1 Bc3 60. Ba2+ Kd4 61. Be7 {Strongly threatening f5.} Kd3 {[#]} 62. Bb1+ $1 Kd2 63. Bh7 ({White should play} 63. f5 $16 Nd4+ 64. Kf4) 63... Nd4+ 64. Ke4 Ne2 ({Black should try} 64... Ke2 $11) 65. h4 Kd1 $2 {[#]} (65... Ke1 $11 {and Black is okay.}) 66. f5 $1 $18 f6 $2 (66... Ng3+ {keeps fighting.} 67. Kd3 Bb2) 67. Bg6 Ke1 68. Bd6 Kf2 69. Kd5 $2 ({Stronger than} 69. Bxh5 Ng3+ 70. Kf4 Nxh5+ $11) (69. Kd3 $18) 69... Ng3 $11 {The position is equal.} 70. Ke6 Kf3 71. Be7 $1 Kg4 72. Bxf6 Bxf6 73. Kxf6 Nxf5 {Precision: White = 61%, Black = 47%.} 1/2-1/2

[Event "22nd ECCC Women 2017"]
[Site "Antalya"]
[Date "2017.10.11"]
[Round "2"]
[White "Atalik, Ekaterina"]
[Black "Shvayger, Yuliya"]
[Result "1/2-1/2"]
[WhiteElo "2468"]
[BlackElo "2442"]
[Annotator "TA"]
[PlyCount "123"]
[EventType "team-tourn"]
[EventCountry "TUR"]
[WhiteTeam "Anatolia"]
[BlackTeam "Beer Sheva"]

{[%evp 17,123,-13,26,10,16,0,58,-9,13,25,14,11,16,11,19,28,65,58,69,64,59,61,90,82,85,67,103,95,95,66,79,76,79,83,89,88,133,0,0,0,0,0,0,0,22,0,47,31,33,0,81,90,139,53,53,35,53,53,53,53,53,53,53,18,18,18,18,18,22,27,91,0,0,0,0,0,0,0,0,0,0,0,0,0,0,0,0,0,0,0,0,0,0,0,0,0,0,0,0,0,0,0,0,0,0,0,0,0]} 1. d4 Nf6 2. Nf3 g6 3. g3 Bg7 4. Bg2 O-O 5. O-O d6 6. b3 Nbd7 7. Bb2 e5 8. c4 Re8 9. Nc3 c6 10. Rc1 {E67: King's Indian: Fianchetto: 6...Nbd7} (10. d5 e4 11. dxc6 bxc6 12. Nd4 Bb7 13. Nc2 d5 14. Ne3 Ne5 15. cxd5 cxd5 16. Na4 Rc8 17. Bh3 Rc7 18. Qd2 {1-0 (46) Wang,H (2717)-Movsesian,S (2653) Huaian 2016}) 10... e4 11. Ne1 e3 $146 (11... Nb6 $11) ({Predecessor:} 11... Nf8 12. Nc2 h5 13. h3 h4 14. g4 Bh6 15. e3 N8h7 16. d5 c5 17. Ne2 Ng5 {½-½ (42) Torres Bravo,C (2178)-Egger Mancilla,J (2431) Santiago de Chile 2007}) 12. f3 (12. fxe3 $14 Ng4 13. Nc2) 12... d5 13. cxd5 Nxd5 14. Nxd5 cxd5 15. Nd3 Nb6 16. Ne5 f6 17. Nd3 $36 {[%mdl 2048] White has the initiative.} Bf5 18. Nc5 Qe7 19. Rc3 h5 20. Bc1 Bh6 21. f4 Be4 22. Rxe3 f5 23. Nd3 Kh7 24. Ne5 Rec8 25. Bb2 Qb4 26. a3 Qb5 27. Nf7 (27. g4 $16) 27... Rc7 $1 $11 {[%cal Rc7f7]} 28. Nxh6 Kxh6 29. Rc3 Rxc3 30. Bxc3 Rc8 31. Bb4 Bc2 32. Qd2 {[#] Strongly threatening Rc1.} Bxb3 33. Qe3 Bc2 (33... Bc4 $11) 34. Qe7 $16 Qe8 35. Qxe8 (35. Qxb7 $16 {And now Be7 would win.} Be4 36. Be7 (36. Qxa7 Bxg2 37. Kxg2 Rc2 $16)) 35... Rxe8 $14 36. Rc1 $1 {[%cal Rc1c2]} Rc8 $1 37. Bc5 Ba4 38. Rb1 Bc6 $1 39. Bxb6 axb6 40. Rxb6 {[%mdl 4096] Endgame KRB-KRB} Ra8 41. Rb3 Ra4 $1 42. e3 Rc4 $1 43. Bf1 Rc2 {[#]} (43... Rc1 $11 {keeps the balance.}) 44. Bb5 ({White should play} 44. h4 $1 $16) 44... h4 $11 {The position is equal.} 45. gxh4 Kh5 46. a4 {[%cal Ba3a4,Ba4a5,Ba5a6,Ba6a7][%mdl 32] Bxc6 is the strong threat.} Kg4 47. Bxc6 bxc6 {KR-KR} 48. Ra3 Kf3 $1 {[%cal Rc2c1]} 49. Ra1 {Threatens to win with a5.} Kxe3 50. a5 Rb2 $1 51. a6 Rb8 52. a7 Ra8 53. Ra4 Kxf4 54. Kf2 Kg4 55. Ra6 Kxh4 56. Kf3 {Hoping for Kf4.} Kg5 57. Kg3 f4+ 58. Kf3 Kf5 59. Ra3 Kg5 60. Ra1 Kf5 61. h3 Kg5 62. Ra2 {Precision: White = 62%, Black = 69%.} 1/2-1/2

[Event "22nd ECCC Women 2017"]
[Site "Antalya"]
[Date "2017.10.11"]
[Round "2"]
[White "Paehtz, Elisabeth"]
[Black "Zhukova, Natalia"]
[Result "1/2-1/2"]
[WhiteElo "2453"]
[BlackElo "2426"]
[Annotator "TA"]
[PlyCount "124"]
[EventType "team-tourn"]
[EventCountry "TUR"]
[WhiteTeam "Timisoara"]
[BlackTeam "Bossa Nova"]

{[%evp 20,124,36,39,44,27,35,32,29,12,38,9,9,0,29,-3,28,20,42,35,43,39,47,42,39,34,137,58,74,74,60,14,45,53,77,72,89,52,59,48,52,10,149,152,143,84,184,83,88,89,91,56,82,78,82,78,96,77,108,111,131,95,169,169,157,157,175,140,144,137,140,94,136,110,211,210,250,163,146,161,132,126,146,47,40,47,48,7,7,7,7,7,7,0,0,0,0,0,0,0,0,0,0,0,0,0,0]} 1. d4 e6 2. Bf4 Nf6 3. e3 c5 4. Nd2 b6 5. c3 Bb7 6. Ngf3 Be7 7. h3 O-O 8. Bd3 d6 9. O-O Nc6 10. Bh2 {A47: 1 d4 Nf6 2 Nf3 b6: Torre, London and Colle Systems} cxd4 11. exd4 {LiveBook: 3 Games} Re8 (11... g6 12. Qe2 Re8 13. Rfe1 Bf8 14. a4 Rc8 15. Nc4 d5 16. Nce5 Nxe5 17. Bxe5 a5 18. Bb5 {1-0 (45) Li,C (2720)-Yudasin,L (2517) chess.com INT 2017}) 12. Nc4 {White is slightly better.} Bf8 13. Re1 b5 14. Ne3 a6 {[#]} 15. Bc2 $146 ({Predecessor:} 15. a4 b4 16. Nc4 a5 17. Ne3 g6 18. Bb5 bxc3 19. bxc3 {1-0 (52) Hebden,M (2506)-Kovachev,D (2189) Oslo 2008}) 15... g6 16. Bg3 Nh5 17. Bh4 $36 {[%mdl 2048] White fights for an advantage.} Qc7 18. d5 Ne5 19. Nxe5 dxe5 20. Bb3 Nf4 21. dxe6 fxe6 22. Qg4 Bc5 (22... h5 $14 23. Qg3 Be7) 23. Bg5 (23. Bf6 $16) 23... Qf7 24. Bxf4 exf4 25. Nf1 {[%cal Rb3e6]} Bd5 26. Nd2 h5 27. Qe2 Rad8 28. Rad1 Kg7 29. Qe5+ Qf6 $1 30. Qc7+ Be7 (30... Qe7 $11 {remains equal.} 31. Qxf4 Rf8 32. Qe5+ Kh7) 31. Bxd5 $16 Rxd5 32. Ne4 ({Better is} 32. Nf3 {And now Rxd5 would win.} Red8 33. Rxd5 Rxd5 34. Nd4) 32... Qe5 (32... Qf7 $16 {keeps fighting.}) 33. Qxe5+ (33. Nc5 $1 $18 Qxc7 34. Nxe6+ Kf7 35. Nxc7 Rxd1 36. Rxd1) 33... Rxe5 34. Rd7 a5 35. f3 g5 36. Red1 {Strongly threatening Nd6.} Kg6 37. Kf1 a4 38. a3 Bf8 39. Rb7 g4 40. Rb6 g3 (40... Be7 $16 {was called for.}) 41. Rd7 $18 h4 42. Ke2 Bh6 43. Kd3 Bg5 44. Rc6 $1 Be7 45. Rd4 Bf8 46. Kc2 Kf5 {[#]} (46... Rb8 $16 47. Rd7 Re8) 47. c4 $1 Rb8 48. c5 Rd5 49. Rxd5+ exd5 $16 {[%mdl 4096] Endgame [#] KRB-KRN} 50. Nc3 $1 b4 51. axb4 ({Don't take} 51. Nxa4 Re8 $14) ({White must play} 51. Nxd5 $16 bxa3 52. bxa3) 51... Rxb4 $14 52. Nxd5 Rc4+ 53. Kd3 (53. Nc3 {seems wilder.} Bg7 54. Rc7 Be5 55. Rc8 Bg7 56. c6) 53... Rxc5 {The position is equal.} 54. Rxc5 Bxc5 $11 {KB-KN} 55. Nc3 a3 56. b3 (56. Kc4 $5 {[%cal Rc4c5]} Be7 57. bxa3 Bxa3 58. Kd5 $11) 56... Ke5 57. Kc4 Bd4 {White must now prevent ...Bxc3.} 58. Na2 Bb2 59. Kc5 Bd4+ 60. Kc4 Bb2 61. Nb4 Kd6 62. Na2 Ke5 {Precision: White = 42%, Black = 35%.} 1/2-1/2

[Event "22nd ECCC Women 2017"]
[Site "Antalya"]
[Date "2017.10.12"]
[Round "2"]
[White "Ushenina, Anna"]
[Black "Kashlinskaya, Alina"]
[Result "0-1"]
[WhiteElo "2445"]
[BlackElo "2455"]
[Annotator "TA"]
[PlyCount "100"]
[EventType "team-tourn"]
[EventCountry "TUR"]
[WhiteTeam "UGRA"]
[BlackTeam "Legacy Square Capital"]

{[%evp 16,100,0,0,25,25,34,22,23,20,45,40,46,43,43,51,42,38,54,60,38,30,89,33,49,33,26,-26,-50,-38,-43,-125,-133,-127,-121,-187,-124,-158,-105,-153,-153,-223,-213,-272,-256,-248,-259,-312,-300,-393,-398,-394,-381,-391,-414,-364,-415,-885,-881,-933,-905,-828,-554,-474,-536,-503,-495,-401,-385,-719,-719,-686,-521,-909,-731,-677,-630,-601,0,-574,-552,-6422,-6087,-29978,-29979,-29982,-29983]} 1. d4 Nf6 2. c4 e6 3. Nc3 Bb4 4. e3 O-O 5. Nge2 d5 6. a3 Bd6 7. Ng3 c5 8. dxc5 Bxc5 9. b4 {[%cal Bb2b4,Bb4b5][%mdl 32]} Bd6 {E46: Nimzo-Indian: Rubinstein: 4 e3 0-0 5 Ne2 without early Bd3} (9... Be7 10. Bb2 a6 11. cxd5 exd5 12. Bd3 Nc6 13. Nce2 Bd6 14. O-O Be6 15. f4 Bc7 16. Bc2 Bg4 17. Qd3 Bxe2 18. Nxe2 {½-½ (52) Svidler,P (2746)-Bologan,V (2672) Tromsoe 2013}) 10. Bb2 Nc6 11. Be2 dxc4 {The position is equal.} 12. Bxc4 a5 $146 ({Predecessor:} 12... Qe7 13. O-O Rd8 14. Qe2 Bxg3 15. fxg3 a6 16. Rac1 Bd7 17. Bd3 {1-0 (42) Wegelin,R (2478)-Schneider,H (2370) Remote email 2012}) 13. b5 $1 {[%cal Rb5c6]} Ne5 14. Be2 b6 15. Nce4 Nxe4 $1 16. Nxe4 Bb8 $1 17. Qxd8 Rxd8 18. Bd4 Bb7 (18... Nd7 $1 $11 {keeps the balance.}) 19. Nd2 (19. Bxb6 $16 Rc8 20. f3) 19... Bxg2 20. Rg1 Bb7 21. f4 {[#]} (21. Bxb6 $142 Rc8 22. Bd4) 21... Rxd4 $1 $11 {[%mdl 512]} 22. exd4 Ng6 $1 $36 {[%mdl 2048] Black has the initiative.} 23. Bf3 (23. Nc4 $15) 23... Bxf3 $17 24. Nxf3 Bxf4 25. Ke2 (25. d5 $17 {is a better defense.}) 25... f6 (25... Rc8 $19 26. Rgf1 Ne7) 26. Kd3 {[#]} Rd8 (26... Bh6 $142 $1 27. Kc2 a4) 27. Kc4 Ne7 28. Rge1 (28. Kd3 $17) 28... Kf7 $19 29. Ra2 Nd5 30. Kd3 g5 31. h3 h5 32. Ng1 e5 33. Ne2 f5 34. Kc4 Ne3+ 35. Kb3 exd4 36. Nxf4 (36. h4 $142) 36... gxf4 {[%mdl 4096] Endgame KRR-KRN} 37. Rf2 Kf6 38. Rxf4 d3 {aiming for ...d2.} 39. Rxe3 d2 40. Rf1 d1=Q+ 41. Rxd1 Rxd1 {KR-KR} 42. Re8 $2 (42. Rc3 f4 43. Kc2) 42... f4 (42... Rd3+ $2 43. Kc4 $17) 43. Kc2 Rd5 44. a4 Kf5 45. Rf8+ Ke4 46. Re8+ Kf5 47. Rf8+ Kg5 48. Rg8+ Kh4 49. Rg6 f3 50. Rxb6 Rf5 {Precision: White = 36%, Black = 77%.} 0-1